pokemon 3 g ordre alphabetique - Statistiques

Statistiques générales
  • Ce quiz a été pris 30 fois
  • Le résultat moyen est 108 sur 135
Statistiques - réponses
Hint Réponse % Correct
108 absol
100%
1 arcko
100%
15 armulys
100%
28 bekipan
100%
17 blindalys
100%
6 brasegali
100%
44 brouhabam
100%
16 charmillon
100%
57 charmina
100%
14 chenipotte
100%
42 chuchmur
100%
32 arakdo
92%
66 avaltout
92%
34 balignon
92%
67 carvanha
92%
35 chapignon
92%
50 delcatty
92%
135 deoxys
92%
120 draby
92%
121 drackhaus
92%
122 drattak
92%
58 dynavolt
92%
8 flobio
92%
5 galifeu
92%
7 gobou
92%
27 goelise
92%
11 grahyena
92%
22 grainipiot
92%
132 groudon
92%
46 hariyama
92%
3 jungko
92%
131 kyogre
92%
9 laggron
92%
13 lineon
92%
20 lombre
92%
21 ludicolo
92%
45 makuhita
92%
2 massko
92%
10 medhyena
92%
56 meditikka
92%
38 monaflemit
92%
37 vigoroth
92%
12 zigzaton
92%
83 altaria
83%
47 azurill
83%
92 balbuto
83%
89 barbicha
83%
88 barloche
83%
98 barpau
83%
80 cacnea
83%
81 cacturne
83%
73 chartor
83%
91 colhomard
83%
59 elecsprint
83%
107 eoko
83%
54 galegon
83%
53 galekid
83%
55 galeking
83%
31 gardevoir
83%
75 groret
83%
26 heledelle
83%
134 jirachi
83%
30 kirlia
83%
129 latias
83%
130 latios
83%
79 libegon
83%
63 lumivole
83%
33 maskadra
83%
125 metalosse
83%
124 metang
83%
25 nirondelle
83%
18 papinox
83%
36 parecool
83%
23 pifeuil
83%
127 regice
83%
68 sharpedo
83%
69 wailmer
83%
70 wailord
83%
96 anorith
75%
97 armaldo
75%
103 branette
75%
115 coquiperl
75%
65 gloupti
75%
114 kaimorse
75%
93 kaorine
75%
101 kecleon
75%
77 kraknoix
75%
84 mangriff
75%
100 morpheo
75%
62 muciole
75%
41 munja
75%
52 mysdibule
75%
61 negapi
75%
19 nenupiot
75%
39 ningale
75%
40 ninjask
75%
60 posipi
75%
4 poussifeu
75%
43 ramboum
75%
133 rayquaza
75%
126 regirock
75%
128 registeel
75%
49 skitty
75%
48 tarinor
75%
29 tarsal
75%
51 tenefix
75%
24 tengalice
75%
78 vibraninf
75%
72 camerupt
67%
71 chamallot
67%
90 ecrapince
67%
94 lilia
67%
99 milobellus
67%
112 obalie
67%
111 oniglali
67%
113 phogleur
67%
86 seleroc
67%
74 spoink
67%
105 teraclope
67%
102 polichombr
58%
118 relicanth
58%
116 rosabyss
58%
117 serpang
58%
85 seviper
58%
104 skelenox
58%
87 solaroc
58%
76 spinda
58%
110 stalgamin
58%
123 terhal
58%
106 tropius
58%
82 tylton
58%
95 vacilys
58%
119 lovdisc
50%
109 okeoke
50%
64 roselia
50%
Aucun quiz correspondant
Distribution des résultats
% des personnes avec chaque résultat
Percentile par nombre de réponses
Votre historique - résultats
Vous n’avez pas pris ce quiz